00483nam a2200169Ia 4500008004100000020001400041041000800055082001600063100002000079245002000099250000600119260002600125300001300151650002100164999001900185952010900204210716s1983 xx 000 0 und d a895880687 aeng a005.45 MILA aMiller, Alan R. aMastering cp/m. a1 aBerkeleybSybexc1983 axiii,398 aMS DOS(005.3682) c180747d180747 001040708MCAaAIMITbAIMITd2021-07-16l0o005.45 MILApMCA00255r2026-05-23 00:00:00w2021-07-16yBK